ბათუმის შოთა რუსთაველის სახელმწიფო უნივერსიტეტის ბიბლიოთეკა

ერთგულება : (ბიბ.ჩანაწერი № 59143)

000 -ლიდერი
ფიქსირებული სიგრძის საკონტროლო ველი 01051nam a22001817a 4500
003 - საკონტროლო ნომრის იდენტიფიკატორი
საკონტროლო ველი Ge_BSU
005 - ბოლო ოპერაციის თარიღი და დრო
საკონტროლო ველი 20221130122311.0
008 - ფიქსირებული სიგრძის მონაცემთა ელემენტები - ზოგადი ინფორმაცია
ფიქსირებული სიგრძის საკონტროლო ველი 221130s1981ge xxu||||| |||| 00| 0 geo d
041 ## - ენის კოდი
Language code of text/sound track or separate title geo
080 ## - უნივერსალური ათობითი კლასიფიკაციის ინდექსი
Universal Decimal Classification number 355.48(47+57)"1941-1945"(092)(479.22) + 94 ჯ-23
100 ## - მთავარი ჩანაწერი - პიროვნების სახელი
Personal name ჯანჯღავა, ვლადიმერ, ავტორი.
9 (RLIN) 16241
245 ## - ცნობა სათაურის შესახებ
Title ერთგულება :
Remainder of title [დიდი სამამულო ომის მონაწილის მოგონებანი] /
Statement of responsibility, etc ვლადიმერ ჯანჯღავა, რედ.ჯ. ნანუკაშვილი.
264 ## - წარმოების, გამოცემის, დისტრიბუციის და სხვა ცნობები
გამოცემის, წარმოების, დისტრიბუციის... ადგილი თბილისი :
გამოცემის, წარმოების, დისტრიბუციის... სახელწოდება საბჭ. საქართველო,
გამოცემის, წარმოების, დისტრიბუციის... თარიღი 1981.
300 ## - ფიზიკური აღწერა
Extent 525 გვ. :
Other physical details პორტრ. ;
Dimensions 22 სმ.
653 ## - INDEX TERM--UNCONTROLLED
Uncontrolled term 1939-1945 წლები -- მეორე მსოფლიო ომი. ქართველები მეორე მსოფლიო ომში.
700 ## - ADDED ENTRY--PERSONAL NAME
Personal name ნანუკაშვილი, ჯ
Relator term რედაქტორი
9 (RLIN) 16242
942 ## - ADDED ENTRY ELEMENTS (KOHA)
Source of classification or shelving scheme
Koha item type წიგნი
ეგზემპლარები
ჩამოწერის სტატუსი დაკარგული ეგზემპლარის სტატუსი კლასიფიკაციის წყარო ან თაროზე გაწყობის სქემა დაზიანების სტატუსი არ გაიცემა მუდმივი მდებარეობა (დაცვის ადგილი) ამჟამინდელი ადგილსამყოფელი თაროზე განთავსების ადგილი შეძენის თარიღი ღირებულება, შესყიდვის ნორმალური ფასი სრული შენახვის შიფრი შტრიხკოდი ბოლო ოპერაციის თარიღი ეგზემპლარის მიმდევრობითი ნომერი (კეტერი?) ფასის ძალაში შესვლის თარიღი ეგზემპლარის სახეობა საჯარო შენიშვნა
          ბათუმის შოთა რუსთაველის სახელმწიფო უნივერსიტეტის მთავარი ბიბლიოთეკა ბათუმის შოთა რუსთაველის სახელმწიფო უნივერსიტეტის მთავარი ბიბლიოთეკა წიგნსაცავი 2022-11-30 7.00 355.48(47+57)"1941-1945"(092)(479.22) +94 ჯ-23 63222 2022-11-30 63222 2022-11-30 წიგნი 7.00